[Event "AUT-ch Seniors 50"]
[Site "Vienna"]
[Date "2017.02.09"]
[Round "4.5"]
[White "Zaynard, Andreas"]
[Black "Stanivukovic, Drago"]
[Result "0-1"]
[WhiteElo "2011"]
[BlackElo "1858"]
[PlyCount "178"]
[EventDate "2017.02.06"]
[EventType "swiss"]
[EventRounds "7"]
[EventCountry "AUT"]
[SourceTitle "EXT 2024"]
[Source "ChessBase"]
[SourceDate "2023.10.10"]
[SourceVersion "1"]
[SourceVersionDate "2023.10.10"]
[SourceQuality "1"]

1. e4 d6 2. g3 g6 3. Bg2 Bg7 4. Ne2 c5 5. d3 Nc6 6. 0-0 h5 7. h4 Nf6 8. Nbc3 Bg4 9. Bg5 Qd7 10. Qd2 Nd4 11. f3 Bh3 12. Nf4 Bxg2 13. Kxg2 Ng8 14. Nfe2 f6 15. Be3 e5 16. Nd5 Ne7 17. Nec3 Nec6 18. a3 0-0 19. b4 b6 20. Rab1 Rf7 21. b5 Na5 22. a4 Raf8 23. Ne2 Kh7 24. c3 Nxe2 25. Qxe2 f5 26. Bg5 Nb7 27. exf5 Qxf5 28. Qe4 Qxe4 29. fxe4 Rxf1 30. Rxf1 Rxf1 31. Kxf1 c4 32. Ke2 cxd3+ 33. Kxd3 Nc5+ 34. Ke3 Nxa4 35. Kf3 Bf8 36. g4 hxg4+ 37. Kxg4 Kg7 38. Bd8 Kf7 39. Bc7 Nc5 40. Bb8 a6 41. bxa6 Nxa6 42. Ba7 b5 43. h5 gxh5+ 44. Kxh5 Be7 45. Kg4 Ke6 46. Bb6 Kd7 47. Kf5 Bf8 48. Be3 Be7 49. Bb6 Bh4 50. Be3 Be1 51. Nb6+ Kc6 52. Nd5 Nc7 53. Nb4+ Kd7 54. Na2 Na6 55. Kf6 Kc6 56. Kf5 Bh4 57. Kg4 Bd8 58. Kf5 Ba5 59. Ke6 Nc5+ 60. Kf5 Nd3 61. Kg4 d5 62. Kf3 Ne1+ 63. Ke2 Nc2 64. exd5+ Kxd5 65. Bd2 Kc4 66. Kd1 Na1 67. Ke2 Kb3 68. Nc1+ Kc2 69. Nd3 Nb3 70. Ne1+ Kb1 71. Nf3 Bc7 72. Ng5 Kc2 73. Be1 Nc1+ 74. Ke3 Nd3 75. Bd2 Bb6+ 76. Ke2 Nf4+ 77. Ke1 Kd3 78. Kd1 Nd5 79. Nf3 Bc7 80. Ne1+ Kc4 81. Kc2 e4 82. Ng2 Be5 83. Be1 e3 84. Kd1 Kd3 85. Kc1 Bxc3 86. Bg3 b4 87. Nh4 b3 88. Nf5 e2 89. Nd6 Be5 0-1

[Event "AUT-ch Seniors 50"]
[Site "Vienna"]
[Date "2017.02.07"]
[Round "2.3"]
[White "Zaynard, Andreas"]
[Black "Sukopp, Karl"]
[Result "1/2-1/2"]
[WhiteElo "2011"]
[BlackElo "1955"]
[PlyCount "20"]
[EventDate "2017.02.06"]
[EventType "swiss"]
[EventRounds "7"]
[EventCountry "AUT"]
[SourceTitle "EXT 2024"]
[Source "ChessBase"]
[SourceDate "2023.10.10"]
[SourceVersion "1"]
[SourceVersionDate "2023.10.10"]
[SourceQuality "1"]

1. e4 c5 2. d3 g6 3. g3 Bg7 4. Bg2 Nc6 5. Ne2 d6 6. 0-0 e5 7. a4 Nge7 8. Na3 0-0 9. Nc4 Be6 10. Nc3 d5 1/2-1/2

[Event "AUT-chT2O 0708"]
[Site "Austria"]
[Date "2007.10.20"]
[Round "1.6"]
[White "Galavics, Hermann"]
[Black "Zaynard, Andreas"]
[Result "1/2-1/2"]
[WhiteElo "2041"]
[BlackElo "2078"]
[PlyCount "50"]
[EventDate "2007.10.20"]
[EventType "team-tourn"]
[EventRounds "11"]
[EventCountry "AUT"]
[SourceTitle "EXT 2009"]
[Source "ChessBase"]
[SourceDate "2008.11.26"]
[SourceVersion "1"]
[SourceVersionDate "2008.11.26"]
[SourceQuality "1"]
[WhiteTeam "Lackenbach"]
[BlackTeam "Wieden"]
[WhiteTeamCountry "AUT"]
[BlackTeamCountry "AUT"]

1. d4 d6 2. c4 e5 3. d5 f5 4. Nc3 Nf6 5. g3 Be7 6. Bg2 0-0 7. Nh3 a5 8. 0-0 Na6 9. f3 Bd7 10. Nf2 Qe8 11. b3 Qg6 12. e4 Nc5 13. Bh3 f4 14. Kg2 Bxh3+ 15. Nxh3 h5 16. Nf2 Nh7 17. g4 Bh4 18. h3 Nf6 19. Ba3 Nfd7 20. Rh1 Qg5 21. Nd3 Rf6 22. Nxc5 dxc5 23. Kf1 Rh6 24. Ke2 Bg3 25. Qf1 b6 1/2-1/2

[Event "Vienna op-A 15th"]
[Site "Vienna"]
[Date "2006.08.02"]
[Round "5"]
[White "Riedner, Martin"]
[Black "Zaynard, Andreas"]
[Result "1/2-1/2"]
[WhiteElo "2205"]
[BlackElo "2081"]
[PlyCount "46"]
[EventDate "2006.07.29"]
[EventType "swiss"]
[EventRounds "9"]
[EventCountry "AUT"]
[SourceTitle "CBM 113 Extra"]
[Source "ChessBase"]
[SourceDate "2006.09.14"]
[SourceVersion "1"]
[SourceVersionDate "2006.09.14"]
[SourceQuality "1"]

1. d4 d6 2. Nf3 Bg4 3. c4 Nd7 4. Qb3 Rb8 5. g3 Bxf3 6. exf3 g6 7. Be3 c6 8. Nc3 Bg7 9. Be2 Nh6 10. g4 0-0 11. h4 f5 12. g5 Nf7 13. f4 Re8 14. Kf1 a6 15. Rd1 b5 16. cxb5 cxb5 17. d5 Qa5 18. h5 Nc5 19. Bxc5 dxc5 20. hxg6 hxg6 21. Nb1 Nd6 22. Nd2 Qb6 23. Qe3 Nb7 1/2-1/2

[Event "Voesendorf op"]
[Site "Voesendorf"]
[Date "2006.06.15"]
[Round "1.1"]
[White "Jobava, Baadur"]
[Black "Zaynard, Andreas"]
[Result "1-0"]
[WhiteElo "2614"]
[BlackElo "2069"]
[PlyCount "65"]
[EventDate "2006.06.15"]
[EventType "swiss"]
[EventRounds "5"]
[EventCountry "AUT"]
[SourceTitle "CBM 112 Extra"]
[Source "ChessBase"]
[SourceDate "2006.07.14"]
[SourceVersion "1"]
[SourceVersionDate "2006.07.14"]
[SourceQuality "1"]

1. e4 c5 2. Nf3 Nc6 3. d4 cxd4 4. Nxd4 Nf6 5. Nc3 e5 6. Ndb5 d6 7. Bg5 a6 8. Na3 b5 9. Nd5 Be7 10. Bxf6 Bxf6 11. c4 b4 12. Nc2 a5 13. Bd3 Bg5 14. 0-0 0-0 15. b3 Be6 16. g3 Ne7 17. a3 Bxd5 18. cxd5 Qb6 19. Qg4 Bd2 20. Rad1 Bh6 21. axb4 axb4 22. Qd7 Ra7 23. Qb5 Rb7 24. Qxb6 Rxb6 25. Ra1 f5 26. f3 fxe4 27. fxe4 Bd2 28. Ra7 Rxf1+ 29. Kxf1 Kf7 30. Ke2 Bc3 31. Ne3 Kf6 32. Nc4 Nc8 33. Ra8 1-0

[Event "Vienna-ch"]
[Site "Vienna"]
[Date "2005.10.28"]
[Round "7"]
[White "Weinzettl, Ernst"]
[Black "Zaynard, Andreas"]
[Result "1-0"]
[WhiteElo "2325"]
[BlackElo "2035"]
[PlyCount "67"]
[EventDate "2005.10.22"]
[EventType "swiss"]
[EventRounds "9"]
[EventCountry "AUT"]
[SourceTitle "EXT 2007"]
[Source "ChessBase"]
[SourceDate "2006.11.23"]
[SourceVersion "1"]
[SourceVersionDate "2006.11.23"]
[SourceQuality "1"]

1. e4 c5 2. Nf3 Nc6 3. d4 cxd4 4. Nxd4 Nf6 5. Nc3 e5 6. Ndb5 d6 7. Bg5 a6 8. Na3 b5 9. Nd5 Be7 10. Bxf6 Bxf6 11. c3 Ne7 12. Nxf6+ gxf6 13. Nc2 Bb7 14. Bd3 d5 15. exd5 Qxd5 16. Ne3 Qe6 17. a4 Rd8 18. Qe2 e4 19. Bb1 Qb6 20. axb5 axb5 21. Qh5 Ng6 22. 0-0 Ne5 23. Ba2 0-0 24. Qh6 Kh8 25. Bd5 Rg8 26. Rad1 Rg6 27. Qf4 Bxd5 28. Nxd5 Qe6 29. Nc7 Qh3 30. Rxd8+ Kg7 31. Ne8+ Kf8 32. Nxf6+ Ke7 33. Qxe5+ Kxd8 34. Rd1+ 1-0

[Event "Vienna-ch"]
[Site "Vienna"]
[Date "2005.10.25"]
[Round "4"]
[White "Zaynard, Andreas"]
[Black "Lenz, Alarich"]
[Result "1/2-1/2"]
[WhiteElo "2035"]
[BlackElo "2184"]
[PlyCount "49"]
[EventDate "2005.10.22"]
[EventType "swiss"]
[EventRounds "9"]
[EventCountry "AUT"]
[SourceTitle "EXT 2007"]
[Source "ChessBase"]
[SourceDate "2006.11.23"]
[SourceVersion "1"]
[SourceVersionDate "2006.11.23"]
[SourceQuality "1"]

1. e4 e6 2. d3 d5 3. Nd2 c5 4. Ngf3 Nc6 5. g3 Bd6 6. Bg2 Nge7 7. 0-0 0-0 8. c3 Qc7 9. Re1 Bd7 10. Qe2 f6 11. a3 a5 12. a4 d4 13. Nb1 e5 14. Na3 Be6 15. Nd2 Qd7 16. Ndc4 Rad8 17. Nxd6 Qxd6 18. Nb5 Qd7 19. cxd4 Nxd4 20. Nxd4 cxd4 21. b3 Bxb3 22. Ba3 Rfe8 23. Reb1 Be6 24. Qb2 Nc6 25. Qxb7 1/2-1/2

[Event "AUT-chT2O 0405"]
[Site "Austria"]
[Date "2004.10.09"]
[Round "1.6"]
[White "Zaynard, Andreas"]
[Black "Csida, Stefan"]
[Result "0-1"]
[WhiteElo "2038"]
[BlackElo "2082"]
[PlyCount "62"]
[EventDate "2004.10.09"]
[EventType "team-tourn"]
[EventRounds "11"]
[EventCountry "AUT"]
[SourceTitle "EXT 2005"]
[Source "ChessBase"]
[SourceDate "2004.11.15"]
[SourceVersion "1"]
[SourceVersionDate "2004.11.15"]
[SourceQuality "1"]
[WhiteTeam "Wieden Aljechin"]
[BlackTeam "Pamhagen SV Raiba"]
[WhiteTeamCountry "AUT"]
[BlackTeamCountry "AUT"]

1. e4 e5 2. Nf3 Nc6 3. Bc4 Bc5 4. Nc3 d6 5. d3 Nf6 6. Bg5 Bg4 7. Nd5 Nd4 8. c3 Nxf3+ 9. gxf3 Be6 10. Bxf6 gxf6 11. d4 Bxd5 12. dxc5 Bxc4 13. Qa4+ Qd7 14. Qxc4 dxc5 15. Rd1 Qc6 16. Rd5 b6 17. Ke2 Ke7 18. Rhd1 Rhf8 19. b4 Rad8 20. bxc5 a5 21. a4 Rg8 22. Qa6 Ra8 23. Qc4 Rab8 24. Kd3 b5 25. axb5 Qxb5 26. Qxb5 Rxb5 27. c6 Rxd5+ 28. exd5 Kd6 29. c4 f5 30. Kc3 f4 31. Kb3 f5 0-1

[Event "Vienna op 14th"]
[Site "Vienna"]
[Date "2003.08.23"]
[Round "8"]
[White "Zaynard, Andreas"]
[Black "Gruszka, Herbert"]
[Result "1-0"]
[WhiteElo "2053"]
[BlackElo "2110"]
[PlyCount "103"]
[EventDate "2003.08.16"]
[EventType "swiss"]
[EventRounds "9"]
[EventCountry "AUT"]
[SourceTitle "CBM 095 Extra"]
[Source "ChessBase"]
[SourceDate "2003.09.04"]
[SourceVersion "1"]
[SourceVersionDate "2003.09.04"]
[SourceQuality "1"]

1. e4 e6 2. d3 d5 3. Nd2 b6 4. Ngf3 Bb7 5. c3 Ne7 6. e5 Ng6 7. d4 a5 8. h4 Ba6 9. g3 Bxf1 10. Nxf1 h6 11. h5 Ne7 12. Ne3 Qd7 13. b3 c5 14. Qe2 Nec6 15. Nc2 Be7 16. Bf4 Na6 17. Rd1 Nc7 18. c4 cxd4 19. Nfxd4 Nxd4 20. Nxd4 Bb4+ 21. Kf1 Bc5 22. Be3 a4 23. Qg4 Kf8 24. Kg2 Bxd4 25. Rxd4 axb3 26. axb3 Qe7 27. Rd3 b5 28. c5 Kg8 29. Rc1 Kh7 30. c6 Ra6 31. Rdc3 Rc8 32. Bc5 Qg5 33. Qe2 Qf5 34. Bd6 d4 35. Rf3 Qxh5 36. Bxc7 Rxc7 37. Qxb5 Ra8 38. Qd3+ Qg6 39. Qxd4 Rac8 40. Rfc3 Qg5 41. b4 Rd8 42. Qe4+ Qf5 43. Qxf5+ exf5 44. b5 Rb8 45. Rc5 Kg8 46. Rb1 Rb6 47. Rd1 Kf8 48. Rcd5 Ke7 49. f4 g5 50. Rd7+ Rxd7 51. Rxd7+ Ke8 52. Rb7 1-0

[Event "Vienna op 14th"]
[Site "Vienna"]
[Date "2003.08.20"]
[Round "5"]
[White "Waller, Helmut"]
[Black "Zaynard, Andreas"]
[Result "1/2-1/2"]
[WhiteElo "2115"]
[BlackElo "2053"]
[PlyCount "74"]
[EventDate "2003.08.16"]
[EventType "swiss"]
[EventRounds "9"]
[EventCountry "AUT"]
[SourceTitle "CBM 095 Extra"]
[Source "ChessBase"]
[SourceDate "2003.09.04"]
[SourceVersion "1"]
[SourceVersionDate "2003.09.04"]
[SourceQuality "1"]

1. e4 d6 2. d4 Nf6 3. Nc3 c6 4. Nf3 Bg4 5. h3 Bh5 6. Qe2 e6 7. Bf4 Be7 8. 0-0-0 d5 9. exd5 Nxd5 10. Nxd5 Qxd5 11. g4 Bg6 12. Bxb8 Rxb8 13. Qe5 0-0 14. Qxd5 cxd5 15. Ne5 Rbc8 16. Nxg6 fxg6 17. Rh2 Bh4 18. Bb5 Rc7 19. Rf1 Rf4 20. c3 Rxd4 21. f4 Bg3 22. Re2 Rxf4 23. Rxe6 Rxf1+ 24. Bxf1 Kf7 25. Re2 d4 26. Kc2 dxc3 27. bxc3 Rc5 28. Kd3 b5 29. Re4 Be5 30. c4 b4 31. Re2 a5 32. Bg2 Ke6 33. Bd5+ Kd6 34. Rc2 Bf6 35. Re2 Be5 36. Rc2 Bf6 37. Re2 Be5 1/2-1/2

[Event "Vienna op 14th"]
[Site "Vienna"]
[Date "2003.08.19"]
[Round "4"]
[White "Zaynard, Andreas"]
[Black "Herndlbauer, Martin"]
[Result "1/2-1/2"]
[WhiteElo "2053"]
[BlackElo "2152"]
[PlyCount "43"]
[EventDate "2003.08.16"]
[EventType "swiss"]
[EventRounds "9"]
[EventCountry "AUT"]
[SourceTitle "CBM 095 Extra"]
[Source "ChessBase"]
[SourceDate "2003.09.04"]
[SourceVersion "1"]
[SourceVersionDate "2003.09.04"]
[SourceQuality "1"]

1. e4 e6 2. d3 d5 3. Nd2 Nf6 4. Ngf3 b6 5. e5 Nfd7 6. d4 c5 7. c3 Be7 8. Bd3 Ba6 9. Bxa6 Nxa6 10. a3 c4 11. Nf1 b5 12. Ng3 Nab8 13. h4 Nc6 14. Nh5 Bf8 15. g4 Nb6 16. g5 a6 17. Nf4 Qd7 18. Be3 Ne7 19. h5 0-0-0 20. Nh4 Kb7 21. Qf3 Na4 22. Rb1 1/2-1/2

[Event "Oberwart op 25th"]
[Site "Oberwart"]
[Date "2003.07.07"]
[Round "3"]
[White "Zaynard, Andreas"]
[Black "Burmakin, Vladimir"]
[Result "0-1"]
[WhiteElo "2053"]
[BlackElo "2575"]
[PlyCount "72"]
[EventDate "2003.07.05"]
[EventType "swiss"]
[EventRounds "9"]
[EventCountry "AUT"]
[SourceTitle "CBM 095 Extra"]
[Source "ChessBase"]
[SourceDate "2003.09.04"]
[SourceVersion "1"]
[SourceVersionDate "2003.09.04"]
[SourceQuality "1"]

1. e4 c6 2. Nc3 d6 3. Bc4 Nf6 4. d3 d5 5. exd5 cxd5 6. Bb5+ Bd7 7. Bxd7+ Nbxd7 8. d4 e6 9. Nf3 Bb4 10. Bd2 0-0 11. 0-0 Rc8 12. Ne2 Qb6 13. c3 Bd6 14. Bc1 Qc7 15. Ng3 b5 16. Qd3 Qc4 17. Rd1 b4 18. Qxc4 Rxc4 19. Nd2 Rc6 20. cxb4 Bxb4 21. Nb3 Rc2 22. Rb1 h6 23. h3 Bd6 24. Na1 Rc6 25. Ne2 Rb8 26. Rd3 Ra6 27. Rb3 Rxa2 28. Nc3 Rxb3 29. Nxb3 Ra6 30. Ra1 Rb6 31. Nd2 Rb7 32. Ra5 Rc7 33. Na2 Nb8 34. Nb3 Nc6 35. Rb5 Nd7 36. Nc5 Nxd4 0-1

[Event "AUT-chT2O 9900"]
[Site "Austria"]
[Date "1999.10.24"]
[Round "2.4"]
[White "Kreindl, Helmut"]
[Black "Zaynard, Andreas"]
[Result "1-0"]
[WhiteElo "2225"]
[BlackElo "2050"]
[PlyCount "107"]
[EventDate "1999.??.??"]
[EventType "team-tourn"]
[EventRounds "11"]
[EventCountry "AUT"]
[SourceTitle "EXT 2001"]
[Source "ChessBase"]
[SourceDate "2000.11.22"]
[SourceVersion "1"]
[SourceVersionDate "2000.11.22"]
[SourceQuality "1"]

1. e4 d6 2. d4 Nf6 3. Nc3 c6 4. Bg5 Nbd7 5. Qd2 Qc7 6. f4 e5 7. Nf3 Be7 8. 0-0-0 a6 9. dxe5 dxe5 10. fxe5 Nxe5 11. Qf4 Nfg4 12. Nxe5 Qxe5 13. Qxe5 Nxe5 14. Bf4 Bf6 15. Na4 Bg4 16. Rd2 0-0 17. h3 Be6 18. Nc5 Ng6 19. Nxe6 fxe6 20. Be3 Rfe8 21. Bc4 b5 22. Bb3 Be5 23. Rf1 Rac8 24. Rd7 c5 25. c4 Rc6 26. Rb7 Rb8 27. Rff7 Rxb7 28. Rxb7 Bf4 29. Bxf4 Nxf4 30. cxb5 axb5 31. Rxb5 c4 32. Bd1 c3 33. bxc3 Rxc3+ 34. Kb2 Rg3 35. a4 Rxg2+ 36. Ka3 Nd3 37. Bg4 Kf7 38. a5 Nc1 39. Rb2 Rg3+ 40. Ka4 Rc3 41. e5 Nd3 42. Rb7+ Kg6 43. a6 Rc8 44. Rb6 Nc5+ 45. Kb5 h5 46. Bxe6 Nxe6 47. Rxe6+ Kf5 48. Re7 g5 49. a7 g4 50. hxg4+ hxg4 51. Kb6 g3 52. Rg7 Kxe5 53. Rxg3 Rh8 54. Ra3 1-0

[Event "Vienna op 13th"]
[Site "Vienna"]
[Date "1998.??.??"]
[Round "?"]
[White "Zaynard, Andreas"]
[Black "Halser, Walter"]
[Result "0-1"]
[WhiteElo "2015"]
[BlackElo "2085"]
[PlyCount "26"]
[EventDate "1998.10.25"]
[EventType "swiss"]
[EventRounds "9"]
[EventCountry "AUT"]
[SourceTitle "EXT 2000"]
[Source "ChessBase"]
[SourceDate "1999.11.16"]
[SourceVersion "1"]
[SourceVersionDate "1999.11.16"]
[SourceQuality "1"]

1. e4 e5 2. Nf3 Nc6 3. d4 exd4 4. Nxd4 Nge7 5. Nc3 Nxd4 6. Qxd4 Nc6 7. Qe3 Bb4 8. b3 0-0 9. Bb2 d5 10. 0-0-0 d4 11. Qg3 Bd6 12. f4 dxc3 13. Bxc3 Ba3+ 0-1